<?xml version="1.0" encoding="UTF-8"?>
<record
    xmlns:xsi="http://www.w3.org/2001/XMLSchema-instance"
    xsi:schemaLocation="http://www.loc.gov/MARC21/slim http://www.loc.gov/standards/marcxml/schema/MARC21slim.xsd"
    xmlns="http://www.loc.gov/MARC21/slim">

  <leader>02135cam a2200337 i 4500</leader>
  <controlfield tag="001">59488</controlfield>
  <controlfield tag="003">CO-BoRNBP</controlfield>
  <controlfield tag="005">20251020171610.0</controlfield>
  <controlfield tag="007">ta</controlfield>
  <controlfield tag="008">150225s2014    ck     gr     000 0 spa c</controlfield>
  <datafield tag="020" ind1=" " ind2=" ">
    <subfield code="a">9789588519449</subfield>
  </datafield>
  <datafield tag="040" ind1=" " ind2=" ">
    <subfield code="a">CO-BoUNC</subfield>
    <subfield code="b">spa</subfield>
    <subfield code="e">rda</subfield>
    <subfield code="c">CO-BoUNC</subfield>
  </datafield>
  <datafield tag="082" ind1="0" ind2="4">
    <subfield code="a">861.865</subfield>
    <subfield code="b">B717an</subfield>
    <subfield code="2">21</subfield>
  </datafield>
  <datafield tag="082" ind1="0" ind2="4">
    <subfield code="a">861.64</subfield>
    <subfield code="b">B717a</subfield>
    <subfield code="2">23</subfield>
  </datafield>
  <datafield tag="084" ind1=" " ind2=" ">
    <subfield code="a">861.64</subfield>
  </datafield>
  <datafield tag="100" ind1="1" ind2=" ">
    <subfield code="a">Bonnett, Piedad</subfield>
    <subfield code="d">1951-</subfield>
    <subfield code="e">autor</subfield>
    <subfield code="9">63793</subfield>
  </datafield>
  <datafield tag="245" ind1="1" ind2="0">
    <subfield code="a">Antolog&#xFFFD;a /</subfield>
    <subfield code="c">Piedad Bonnett.</subfield>
  </datafield>
  <datafield tag="250" ind1=" " ind2=" ">
    <subfield code="a">Primera edici&#xFFFD;n</subfield>
  </datafield>
  <datafield tag="264" ind1=" " ind2="1">
    <subfield code="a">Tulua :</subfield>
    <subfield code="b">Unidad Central del Valle del Cauca, UCEVA,</subfield>
    <subfield code="c">2014.</subfield>
  </datafield>
  <datafield tag="300" ind1=" " ind2=" ">
    <subfield code="a">59 p&#xFFFD;ginas ;</subfield>
    <subfield code="c">21 cm.</subfield>
  </datafield>
  <datafield tag="336" ind1=" " ind2=" ">
    <subfield code="a">texto</subfield>
    <subfield code="b">txt</subfield>
    <subfield code="2">rda contenido</subfield>
  </datafield>
  <datafield tag="337" ind1=" " ind2=" ">
    <subfield code="a">sin mediaci&#xFFFD;n</subfield>
    <subfield code="b">n</subfield>
    <subfield code="2">rda medio</subfield>
  </datafield>
  <datafield tag="338" ind1=" " ind2=" ">
    <subfield code="a">volumen</subfield>
    <subfield code="b">nc</subfield>
    <subfield code="2">rda soporte</subfield>
  </datafield>
  <datafield tag="490" ind1="1" ind2=" ">
    <subfield code="a">cantaRana</subfield>
  </datafield>
  <datafield tag="505" ind1="0" ind2=" ">
    <subfield code="a">Las cicatrices -- Lugares -- Los viejos inquilinos -- Dolores -- Volver -- La inocencia del sue&#xFFFD;o -- El comienzo de las cosas -- El silencio -- Los imperturbables -- Contabilidad -- Campo minado -- Razones -- Nosferatu -- Aridez -- Esfinge -- Dolores de familia -- La espera -- Palabras iniciales -- Instant&#xFFFD;nea -- Fin de semana en familia -- P&#xFFFD;gina roja -- Por el campus -- Rosas -- Final de partida -- Poema sin nubes -- M&#xFFFD;sica de fondo -- Porque es sola la noche -- Como un &#xFFFD;rbol -- The rest is silence -- Taxi -- Diario -- Pecado original -- Se&#xFFFD;ales -- Nocturno -- Terca se&#xFFFD;al -- Proceso digestivo -- Sal en la hierba -- Madre e hijo -- Del reino de este mundo -- Carta a truman capote -- Tiempo.</subfield>
  </datafield>
  <datafield tag="520" ind1="1" ind2=" ">
    <subfield code="a">"leyendo la obra po&#xFFFD;tica de Piedad Bonnett estamos de acuerdo con Charles Simic, que el poema l&#xFFFD;rico es un invento de mujeres. La palabra que propone Piedad parte de un desgarramiento interior que mantiene sus heridas como espinosas flores de combate. Siempre hay un "yo" en los versos que la poeta pulsa como antiguas canciones que conjuran el miedo, el espanto de un punto donde la sangre surge de los odiosos designios de un Dios impacable".</subfield>
  </datafield>
  <datafield tag="650" ind1="1" ind2="7">
    <subfield code="a">Literatura colombiana</subfield>
    <subfield code="2">LEMB</subfield>
    <subfield code="y">Siglo XXI</subfield>
    <subfield code="9">65</subfield>
  </datafield>
  <datafield tag="650" ind1="1" ind2="7">
    <subfield code="a">Poes&#xFFFD;a colombiana</subfield>
    <subfield code="y">Siglo XXI</subfield>
    <subfield code="2">LEMB</subfield>
    <subfield code="9">65714</subfield>
  </datafield>
  <datafield tag="830" ind1=" " ind2="0">
    <subfield code="a">cantaRana</subfield>
    <subfield code="9">65715</subfield>
  </datafield>
  <datafield tag="942" ind1=" " ind2=" ">
    <subfield code="2">ddc</subfield>
    <subfield code="c">BK</subfield>
  </datafield>
  <datafield tag="999" ind1=" " ind2=" ">
    <subfield code="c">59488</subfield>
    <subfield code="d">59488</subfield>
  </datafield>
  <datafield tag="952" ind1=" " ind2=" ">
    <subfield code="0">0</subfield>
    <subfield code="1">0</subfield>
    <subfield code="2">ddc</subfield>
    <subfield code="4">0</subfield>
    <subfield code="7">0</subfield>
    <subfield code="8">GEN</subfield>
    <subfield code="a">MEPLOPEZ</subfield>
    <subfield code="b">MEPLOPEZ</subfield>
    <subfield code="c">GEN</subfield>
    <subfield code="d">2025-10-20</subfield>
    <subfield code="l">0</subfield>
    <subfield code="o">861.865 B717an</subfield>
    <subfield code="p">PLZ03371</subfield>
    <subfield code="r">2025-10-20 17:16:37</subfield>
    <subfield code="t">Ej.1</subfield>
    <subfield code="w">2025-10-20</subfield>
    <subfield code="y">BKLIT</subfield>
  </datafield>
</record>
